000 00908nam a2200265Ia 4500
008 160517s9999 xx 000 0 und d
020 _a978-1-13327206-9
050 _aComSc QA 76.3
050 _b.A53 2012
100 _aAndrews, Jean.
245 _aA+ guide to managing and maintaining your PC with lab exercises :
245 _bhardware /
245 _cJean Andrews, Todd Verge.
250 _a2nd Edition
260 _aSingapore :
260 _bCengage Learning Asia Pte. Ltd.,
260 _c2012
300 _a205 pages :
300 _bill. ;
300 _c25 cm.
650 _aComputer technicians -- Certification -- Study guides.
650 _aComputing Technology Industry Association -- Examinations -- Study guides.
650 _xElectronic data processing personnel -- Certification.
650 _xMicrocomputers -- Maintenance and repair -- Examination -- Study guides.
999 _c294121
_d294121